Côn Đảo Ký sự và tư liệu

Wedi'i Gadw mewn:
Manylion Llyfryddiaeth
Fformat: Llyfr
Iaith:Undetermined
Cyhoeddwyd: Tp. HCM Trẻ 1996
Pynciau:
Tagiau: Ychwanegu Tag
Dim Tagiau, Byddwch y cyntaf i dagio'r cofnod hwn!
Thư viện lưu trữ: Trung tâm Học liệu Trường Đại học Cần Thơ
LEADER 00403nam a2200157Ia 4500
001 CTU_4455
008 210402s9999 xx 000 0 und d
082 |a 959.7 
082 |b C454 
245 0 |a Côn Đảo 
245 0 |b Ký sự và tư liệu 
260 |a Tp. HCM 
260 |b Trẻ 
260 |c 1996 
650 |a vietnam - history 
980 |a Trung tâm Học liệu Trường Đại học Cần Thơ